Weberov prínos k sociológii každodennosti

Meno Maxa Webera sa prevažne spája s chápajúcou sociológiou, teóriou konania a teóriou ideálnych typov. Práve týmto smerom je obrátený záujem komentátorov Webera, práve z týchto aspektov je charakterizovaná jeho koncepcia v sociologických učebniciach. Avšak to, že Weber sa venoval takej teraz frekve...

Ausführliche Beschreibung

Gespeichert in:
Bibliographische Detailangaben
1. Verfasser: Alieva, Dalibor
Format: Buchkapitel
Sprache:Slowakisch
Schlagworte:
Tags: Tag hinzufügen
Keine Tags, Fügen Sie das erste Tag hinzu!

MARC

LEADER 00000naa a2200000 4500
001 0161505
005 20231208093534.3
041 0 |a slo 
044 |a SK 
245 1 0 |a Weberov prínos k sociológii každodennosti  |c Dalibor Alieva 
520 |a Meno Maxa Webera sa prevažne spája s chápajúcou sociológiou, teóriou konania a teóriou ideálnych typov. Práve týmto smerom je obrátený záujem komentátorov Webera, práve z týchto aspektov je charakterizovaná jeho koncepcia v sociologických učebniciach. Avšak to, že Weber sa venoval takej teraz frekventovanej téme – každodennosti, sa skoro vôbec nespomína ani v tých najkvalifikovanejších monografiách venovaných jeho dielu. Prínos Weberovho diela k formovaniu náplne a cieľov sociológie každodennosti. 
610 2 0 |a sociológia 
610 2 0 |a osobnosť 
610 2 0 |a Weber, M. 
610 2 0 |a etika 
610 2 0 |a náboženstvo 
100 1 |a Alieva, Dalibor